Black Manta - Portrayals by Picture - Statistics

General Stats
  • This quiz has been taken 5 times
  • The average score is 4 of 13
Answer Stats
Picture Answer % Correct
Kevin Michael Richardson
100%
Kevin Michael Richardson
100%
Kevin Michael Richardson / Fred Tatasciore
100%
Harry Lenix / Dave Fennoy
50%
Khary Payton
50%
J.B. Smoove
0%
Kane Jungbluth-Murry
0%
Michael Beach
0%
Phil LaMarr
0%
Ted Cassidy
0%
Ted Knight
0%
Ted Knight
0%
Yahya Abdul-Mateen II
0%
No matching quizzes found
Score Distribution
Percent of People with Each Score
Percentile by Number Answered
Your Score History
You have not taken this quiz